[Event "Êîìàíäíîå ïåð-âî ÐÔ 2012 ã. ïî êëàññè÷åñêèì øàõìàòàì "]
[Site "Ðûáèíñê"]
[Date "2012.08.03"]
[Round "2.74"]
[White "Ñàçîíîâà Àíàñòàñèÿ"]
[Black "Ïàâëîâà Íàòàëüÿ"]
[Result "1-0"]
[WhiteElo "1993"]
[BlackElo "1726"]
[Annotator ""]
[Source ""]
[Remark ""]

1.e4 e6 2.d3 d5 3.Qe2 d4 4.Nf3 c5 5.g3 Nc6 6.e5 Nge7 7.Bg2 Ng6
8.O-O Be7 9.a4 O-O 10.h4 f6 11.exf6 Bxf6 12.Ng5 Bxg5 13.Bxg5
Qc7 14.Na3 a6 15.Nc4 Nce5 16.Nxe5 Qxe5 17.Qxe5 Nxe5 18.Be7 Rf5
19.Be4 Nf3+ 20.Kg2 Rf7 21.Bxc5 Nd2 22.Rfd1 Nxe4 23.dxe4 e5 24.Bd6
Bg4 25.Rd3 Re8 26.f3 Bd7 27.b3 Rf6 28.Bb4 Rc6 29.c3 Rb6 30.Rad1
Be6 31.Ba5 Rxb3 32.cxd4 Rxd3 33.Rxd3 exd4 34.Rxd4 Rc8 35.Bd2
Rc2 36.Kf2 Kf7 37.a5 Rc6 38.Rb4 Rc7 39.f4 g6 40.Kf3 h5 41.Ke3
Rd7 42.Rb6 Rc7 43.Bb4 Rd7 44.Bc3 Rc7 45.Be5 Rd7 46.f5 gxf5 47.exf5
Bc4 48.Kf4 Be2 49.Kg5 Bf3 50.Rh6 Rd5 51.Rf6+ Ke7 52.Bc7 Bg4 53.Kg6
Ke8 54.Bb6 Re5 55.Rf7 Bf3 56.Kg7 Bd5 57.Rf8+ Kd7 58.Rd8+ Kc6
59.f6 Rf5 60.Rxd5 Rxd5 61.f7 1-0

[Event "Êîìàíäíîå ïåð-âî ÐÔ 2012 ã. ïî êëàññè÷åñêèì øàõìàòàì "]
[Site "Ðûáèíñê"]
[Date "2012.08.03"]
[Round "2.81"]
[White "Ñòóêîïèí Àíäðåé"]
[Black "Àëåêñååíêî Êèðèëë"]
[Result "1/2-1/2"]
[WhiteElo "2503"]
[BlackElo "2430"]
[Annotator ""]
[Source ""]
[Remark ""]

1.Nf3 d5 2.d4 Nf6 3.c4 dxc4 4.e3 Bg4 5.Bxc4 e6 6.h3 Bh5 7.Nc3
a6 8.O-O Nc6 9.Qe2 Na5 10.Bd3 c5 11.dxc5 Bxc5 12.Rd1 Qe7 13.g4
Bg6 14.e4 Nd7 15.e5 Nc6 16.Bg5 Nd4 17.Nxd4 Qxg5 18.Nf3 Qe7 19.Rac1
O-O 20.Bxg6 fxg6 21.Ne4 Bb6 22.Rd6 h6 23.Kg2 Rac8 24.Rxc8 Rxc8
25.Qd1 Rc7 26.Qb3 Rc6 27.Rxc6 bxc6 28.Qc4 Nb8 29.Nd4 Bxd4 30.Qxd4
Nd7 31.b4 g5 32.a4 Nf8 33.Nc5 Ng6 34.Nxa6 Nh4+ 35.Kf1 Qf8 36.Nc5
Qf3 37.Qd8+ Kf7 38.Qd7+ Kg8 39.Qxe6+ Kh8 40.Qb3 Qg2+ 41.Ke2 Ng6
42.Nd3 Qe4+ 43.Kd2 Nh4 44.Kc3 Nf3 45.Qc4 Qe2 46.a5 Qd2+ 47.Kb3
Qe2 48.Ka3 Qd1 49.Kb2 Qa4 50.Nc5 Qd1 51.Qd3 Qh1 52.a6 Nxe5 53.Qd8+
Kh7 54.a7 Qf3 55.a8Q Qe2+ 56.Kc1 Qc4+ 57.Kb2 Qe2+ 58.Kb3 Qc4+
59.Ka3 Qc1+ 60.Kb3 Qc4+ 61.Kb2 Qe2+ 1/2-1/2

[Event "Êîìàíäíîå ïåð-âî ÐÔ 2012 ã. ïî êëàññè÷åñêèì øàõìàòàì "]
[Site "Ðûáèíñê"]
[Date "2012.08.03"]
[Round "2.82"]
[White "Óñìàíîâ Âàñèëèé"]
[Black "Òèëè÷ååâ Âÿ÷åñëàâ"]
[Result "1-0"]
[WhiteElo "2333"]
[BlackElo "2416"]
[Annotator ""]
[Source ""]
[Remark ""]

1.d4 Nf6 2.c4 g6 3.Nc3 Bg7 4.e4 O-O 5.Be2 d6 6.Bg5 Qe8 7.Qd2
e5 8.d5 Nh5 9.Bxh5 gxh5 10.Nge2 f5 11.exf5 Bxf5 12.Ng3 Qg6 13.Nxf5
Rxf5 14.Be3 Nd7 15.O-O-O e4 16.Nxe4 Ne5 17.Qc2 Rff8 18.f3 b5
19.cxb5 a6 20.Ng5 axb5 21.Qxg6 hxg6 22.Kb1 Nc4 23.Bc1 Ra4 24.Ne6
Rfa8 25.Nxg7 Kxg7 26.b3 Na3+ 27.Kb2 Rb4 28.Kc3 Rh4 29.Bg5 1-0

[Event "Êîìàíäíîå ïåð-âî ÐÔ 2012 ã. ïî êëàññè÷åñêèì øàõìàòàì "]
[Site "Ðûáèíñê"]
[Date "2012.08.03"]
[Round "2.83"]
[White "Çàñüêî Ãðèãîðèé"]
[Black "Ïàëü÷óí Ãðèãîðèé"]
[Result "1/2-1/2"]
[WhiteElo "2120"]
[BlackElo "1189"]
[Annotator ""]
[Source ""]
[Remark ""]

1.d4 Nf6 2.c4 e6 3.g3 Bb4+ 4.Bd2 Qe7 5.Nf3 Nc6 6.Nc3 Bxc3 7.Bxc3
Ne4 8.Rc1 d6 9.d5 Nxc3 10.Rxc3 Nb8 11.dxe6 fxe6 12.Nd4 O-O 13.Bg2
c6 14.O-O e5 15.Nc2 Be6 16.b4 Nd7 17.Ne3 Nf6 18.b5 cxb5 19.cxb5
e4 20.Qd4 d5 21.Rfc1 Rf7 22.a4 Rd8 23.a5 Ne8 24.b6 axb6 25.axb6
Rd6 26.Nc2 Qd8 27.Rb1 Nf6 28.f3 Nd7 29.fxe4 Rxb6 30.Rxb6 Nxb6
31.exd5 Nxd5 32.Rd3 Qc7 33.Bxd5 Bxd5 34.Qxd5 Qxc2 35.Rf3 Qc7
36.Rxf7 Qxf7 37.Qd8+ Qf8 38.Qd5+ Qf7 39.Qd8+ Qf8 40.Qd5+ Qf7 1/2-1/2

[Event "Êîìàíäíîå ïåð-âî ÐÔ 2012 ã. ïî êëàññè÷åñêèì øàõìàòàì "]
[Site "Ðûáèíñê"]
[Date "2012.08.03"]
[Round "2.84"]
[White "Àíäðååâà Þëèÿ"]
[Black "Ìîðîçîâà Þëèÿ"]
[Result "1-0"]
[WhiteElo "1928"]
[BlackElo "1902"]
[Annotator ""]
[Source ""]
[Remark ""]

1.d4 Nf6 2.c4 g6 3.Nc3 d5 4.cxd5 Nxd5 5.e4 Nxc3 6.bxc3 Bg7 7.Be3
c5 8.Qd2 Nc6 9.Nf3 O-O 10.d5 Qa5 11.Rc1 Rd8 12.Bd3 Ne5 13.Nxe5
Bxe5 14.f4 Bg7 15.c4 Qxd2+ 16.Kxd2 b6 17.a4 e6 18.Ke2 exd5 19.cxd5
Bb7 20.Bc4 Kf8 21.Rhd1 Bc8 22.h3 h5 23.Rb1 Bc3 24.Rb3 Bb4 25.e5
Bf5 26.Rb2 Bd7 27.Bb5 a6 28.Bxd7 Rxd7 29.Rc2 Ke7 30.Bf2 Rc8 31.g4
hxg4 32.Bh4+ Kf8 33.hxg4 c4 34.d6 Re8 35.Kf3 Re6 36.Rxc4 Bxd6
37.Rcd4 f6 38.Rxd6 Rexd6 39.Rxd6 1-0

[Event "Êîìàíäíîå ïåð-âî ÐÔ 2012 ã. ïî êëàññè÷åñêèì øàõìàòàì "]
[Site "Ðûáèíñê"]
[Date "2012.08.03"]
[Round "2.91"]
[White "Ìàðòûíîâ Ïàâåë "]
[Black "Ãîðäèåâñêèé Äìèòðèé "]
[Result "0-1"]
[WhiteElo "2289"]
[BlackElo "2437"]
[Annotator ""]
[Source ""]
[Remark ""]

1.d4 Nf6 2.Nf3 e6 3.c4 d5 4.g3 Bb4+ 5.Bd2 Be7 6.Bg2 O-O 7.O-O
c6 8.Bf4 b6 9.Nbd2 Bb7 10.Qc2 Nh5 11.Be3 Nd7 12.Rfd1 f5 13.Nb3
Rc8 14.cxd5 cxd5 15.Qd2 Bd6 16.Bf4 Nxf4 17.gxf4 Nf6 18.Ne5 Ne4
19.Qe3 Qe7 20.f3 Nf6 21.Nc1 Nh5 22.Ncd3 Ba6 23.Rac1 Rce8 24.Qd2
Bxd3 25.Nxd3 Qh4 26.e3 g5 27.Rc6 Bb8 28.Qe1 Qxe1+ 29.Rxe1 gxf4
30.exf4 Rf6 31.Bf1 Bxf4 32.Nxf4 Nxf4 33.Bb5 Re7 34.Rec1 Rg6+
35.Kf1 Rg2 36.Rc8+ Kf7 37.Rh8 Rxh2 38.Rcc8 Kf6 39.a4 Rxb2 40.Rcf8+
Kg5 41.Rhg8+ Ng6 0-1

[Event "Êîìàíäíîå ïåð-âî ÐÔ 2012 ã. ïî êëàññè÷åñêèì øàõìàòàì "]
[Site "Ðûáèíñê"]
[Date "2012.08.03"]
[Round "2.92"]
[White "Ïóñòîâîéòîâà Äàðüÿ "]
[Black "Ìàðêåâè÷ Èëüÿ "]
[Result "1-0"]
[WhiteElo "2294"]
[BlackElo "2210"]
[Annotator ""]
[Source ""]
[Remark ""]

1.e4 c5 2.Nf3 e6 3.d4 cxd4 4.Nxd4 Nc6 5.Nb5 d6 6.c4 a6 7.N5c3
Nf6 8.Na3 Be7 9.Nc2 Qc7 10.Be2 O-O 11.O-O b6 12.Ne3 Bb7 13.f3
Rac8 14.Kh1 Ne5 15.Qd2 Qb8 16.Rd1 Ng6 17.Bf1 Bd8 18.Qf2 Bc7 19.Qg1
Kh8 20.Bd2 Ne5 21.Be1 Nh5 22.Qf2 Qa8 23.Rac1 g5 24.Ne2 f6 25.Bc3
Rf7 26.h3 Rg8 27.Ng4 Qf8 28.Ne3 Nf4 29.Nxf4 gxf4 30.Nc2 Qh6 31.Nd4
Bc8 32.Ne2 Ng6 33.b4 e5 34.Be1 Rfg7 35.c5 bxc5 36.bxc5 dxc5 37.Ng1
Qg5 38.Qxc5 Nh4 39.Rc2 Qh5 40.Bxh4 Qxh4 41.Qf2 Qxf2 42.Rxf2 Bb6
43.Rc2 Bxg1 44.Kxg1 Bxh3 45.Rd6 Rg6 46.Rxa6 Bd7 47.Ra7 Be6 48.Rcc7
R6g7 49.Rxg7 Rxg7 50.Rxg7 Kxg7 51.a4 Bd7 52.a5 f5 53.exf5 e4
54.fxe4 Kf6 55.Bc4 Ke5 56.a6 Kxe4 57.a7 1-0

[Event "Êîìàíäíîå ïåð-âî ÐÔ 2012 ã. ïî êëàññè÷åñêèì øàõìàòàì "]
[Site "Ðûáèíñê"]
[Date "2012.08.03"]
[Round "2.93"]
[White "Ãàíè÷åâ Àëåêñàíäð"]
[Black "Ðîìàíîâ Ñòàíèñëàâ "]
[Result "1-0"]
[WhiteElo "2122"]
[BlackElo "2115"]
[Annotator ""]
[Source ""]
[Remark ""]

1.e4 Nc6 2.Nf3 d5 3.exd5 Qxd5 4.Nc3 Qa5 5.Bb5 a6 6.Bxc6+ bxc6
7.h3 Nf6 8.O-O Qh5 9.Re1 Bxh3 10.gxh3 Qxh3 11.Nh2 O-O-O 12.Qf3
Qd7 13.Ne4 e6 14.d3 h5 15.Bg5 Bb4 16.c3 Be7 17.Rad1 Ng4 18.Qxf7
Nxh2 19.Kxh2 Rde8 20.Bxe7 Rxe7 21.Qg6 Rf8 22.Qxh5 g6 23.Qg4 g5
24.Kg2 Rf4 25.Qg3 e5 26.Kf1 Ref7 27.Ke2 Qf5 28.Rg1 Kb8 29.Kd2
Qe6 30.b3 Rf3 31.Qxg5 Ka7 32.Kc2 Qd5 33.Rg3 Qa5 34.a4 R3f5 35.Qe3+ 1-0

[Event "Êîìàíäíîå ïåð-âî ÐÔ 2012 ã. ïî êëàññè÷åñêèì øàõìàòàì "]
[Site "Ðûáèíñê"]
[Date "2012.08.03"]
[Round "2.94"]
[White "Ôðîëîâà Åêàòåðèíà "]
[Black "Ëåæåïåêîâà Âåðîíèêà "]
[Result "0-1"]
[WhiteElo "2078"]
[BlackElo "2124"]
[Annotator ""]
[Source ""]
[Remark ""]

1.e4 d6 2.d4 Nf6 3.Nc3 g6 4.f4 c5 5.dxc5 Qa5 6.cxd6 exd6 7.Qd4
Bg7 8.Bd2 O-O 9.Nb5 Qb6 10.Qxb6 axb6 11.Nxd6 Nxe4 12.Nxe4 Re8
13.O-O-O Rxe4 14.a3 Nc6 15.Bd3 Re7 16.Nf3 Bg4 17.Rde1 Rc7 18.Ng5
Nd4 19.Kb1 Rd8 20.Be3 h6 21.Ne4 Bf5 22.Bf2 Nxc2 23.Bxc2 Rd2 24.Nxd2
Rxc2 25.Ne4 Rxf2 26.g3 Rxb2+ 27.Kc1 Ra2 28.Nd6 Bb2+ 29.Kd1 Bg4+
30.Kc2 Be5+ 31.Kb1 Ra1+ 32.Kc2 Rxe1 33.Rxe1 Bxd6 34.a4 Bd7 35.Kb3
Bc6 36.Re2 Kg7 0-1

[Event "Êîìàíäíîå ïåð-âî ÐÔ 2012 ã. ïî êëàññè÷åñêèì øàõìàòàì "]
[Site "Ðûáèíñê"]
[Date "2012.08.03"]
[Round "2.101"]
[White "Ìàì÷åíêî Ñåðãåé "]
[Black "Çóáêîâ Âñåâîëîä "]
[Result "0-1"]
[WhiteElo "1980"]
[BlackElo "1928"]
[Annotator ""]
[Source ""]
[Remark ""]

1.d4 d5 2.Nf3 Nf6 3.Bf4 c5 4.e3 Nc6 5.c3 Qb6 6.Qc1 Bf5 7.Nbd2
g6 8.Be2 Bg7 9.Nb3 c4 10.Nc5 Nd7 11.Nxd7 Bxd7 12.O-O Qd8 13.e4
dxe4 14.Nd2 b5 15.Nxe4 O-O 16.Nc5 e6 17.Rd1 Ne7 18.Bg5 Bc6 19.Bg4
Qd6 20.Bf4 e5 21.Be3 exd4 22.Bxd4 Bxd4 23.cxd4 f5 24.Be2 Nd5
25.Bf3 Nf4 26.Qe3 Rfe8 27.Qc3 Bxf3 28.Qxf3 Ne2+ 29.Kh1 Nxd4 30.Nb7
Qe5 31.Qc3 Rab8 32.f4 Qc7 33.Rxd4 Rxb7 34.Rad1 Qe7 35.Rd5 Qe3
36.Rd8 Qxc3 37.Rxe8+ Kf7 38.bxc3 Kxe8 39.Kg1 a5 40.Kf2 b4 41.cxb4
axb4 42.Ke3 b3 43.axb3 cxb3 44.Rb1 b2 45.Kd3 Kd7 46.Kc2 Kc6 47.Rxb2
Rxb2+ 48.Kxb2 Kd5 49.Kc2 Ke4 50.Kd2 Kxf4 51.Kd3 Ke5 52.Ke3 g5
53.Kf3 Kd4 54.g3 Kd3 55.h3 h5 56.h4 g4+ 57.Kf4 Ke2 58.Kxf5 Kf3
59.Kg5 Kxg3 60.Kxh5 Kf4 61.Kg6 g3 62.h5 g2 63.h6 g1Q+ 64.Kf7
Qa7+ 65.Kg8 Kg5 0-1

[Event "Êîìàíäíîå ïåð-âî ÐÔ 2012 ã. ïî êëàññè÷åñêèì øàõìàòàì "]
[Site "Ðûáèíñê"]
[Date "2012.08.03"]
[Round "2.102"]
[White "Ìåëüíèêîâ Ïåòð "]
[Black "Êðàñîâñêèé Ñâÿòîñëàâ "]
[Result "1/2-1/2"]
[WhiteElo "1878"]
[BlackElo "1995"]
[Annotator ""]
[Source ""]
[Remark ""]

1.e4 Nf6 2.e5 Nd5 3.c4 Nb6 4.d4 d6 5.f4 dxe5 6.fxe5 c5 7.d5 e6
8.Nc3 exd5 9.cxd5 c4 10.Be3 Bb4 11.Bxb6 axb6 12.Nf3 b5 13.Be2
O-O 14.O-O Bxc3 15.bxc3 Ra3 16.Qd2 Qa5 17.Nd4 b4 18.Bxc4 bxc3
19.Qf4 Nd7 20.Ne6 fxe6 21.dxe6 Qc5+ 22.Rf2 Rxf4 23.exd7+ Qxc4
24.d8Q+ Kf7 25.Rxf4+ Qxf4 26.Rf1 Qxf1+ 27.Kxf1 Be6 28.Qc7+ Kg6
29.Qd6 Ra6 30.Qd3+ Bf5 31.Qxc3 Rxa2 32.Qg3+ Kf7 33.Qb3+ Be6 34.Qxb7+
Kg6 35.Qe4+ Kf7 36.Qb7+ Kg6 37.Qb1+ Kf7 38.h3 h6 39.Qb7+ Kg6
40.Qc6 Kf7 41.Qc7+ Kg6 42.Qe7 Bc4+ 43.Kg1 Ra6 44.Qe8+ Bf7 45.Qc8
Ra1+ 46.Kh2 Kh7 47.e6 Bg6 48.e7 Re1 49.Qf8 Re4 50.g4 Re2+ 51.Kg3
Re3+ 52.Kf2 Re4 53.Kf3 Re1 54.h4 h5 1/2-1/2

[Event "Êîìàíäíîå ïåð-âî ÐÔ 2012 ã. ïî êëàññè÷åñêèì øàõìàòàì "]
[Site "Ðûáèíñê"]
[Date "2012.08.03"]
[Round "2.103"]
[White "Óôèìöåâ Åãîð "]
[Black "Õîðñóí Âñåâîëîä "]
[Result "1/2-1/2"]
[WhiteElo "1911"]
[BlackElo "1882"]
[Annotator ""]
[Source ""]
[Remark ""]

1.Nf3 c5 2.c4 Nc6 3.g3 g6 4.Bg2 Bg7 5.Nc3 e5 6.d3 Nge7 7.Rb1
O-O 8.a3 a5 9.Qa4 d6 10.Bd2 Be6 11.Qc2 Rc8 12.Qc1 Nd4 13.Nxd4
cxd4 14.Nb5 d5 15.c5 b6 16.b4 Qd7 17.Nd6 Rc6 18.e3 Nf5 19.Nxf5
Bxf5 20.e4 dxe4 21.dxe4 Bh3 22.O-O Bxg2 23.Kxg2 Rfc8 24.Qd1 axb4
25.cxb6 Rxb6 26.Bxb4 Rbc6 27.Qa4 Qg4 28.Rfe1 h5 29.h3 Qg5 30.h4
Qg4 31.Qd1 Qe6 32.Qb3 Rc4 33.Bd2 f5 34.Rbc1 fxe4 35.Rxc4 Qxc4
36.Qxc4+ Rxc4 37.Rxe4 Kf7 38.Kf1 Ke6 39.Ke2 Kd5 40.Kd3 Ra4 41.Bb4
Bf6 1/2-1/2

[Event "Êîìàíäíîå ïåð-âî ÐÔ 2012 ã. ïî êëàññè÷åñêèì øàõìàòàì "]
[Site "Ðûáèíñê"]
[Date "2012.08.03"]
[Round "2.104"]
[White "Âëàñîâà Äàðüÿ "]
[Black "Ìåäâåäåâà Àííà "]
[Result "1/2-1/2"]
[WhiteElo "1878"]
[BlackElo "1988"]
[Annotator ""]
[Source ""]
[Remark ""]

1.d4 Nf6 2.c4 g6 3.Nc3 d5 4.cxd5 Nxd5 5.e4 Nxc3 6.bxc3 Bg7 7.Bc4
c5 8.Ne2 O-O 9.O-O Nc6 10.Be3 Bg4 11.f3 Na5 12.Bxf7+ Rxf7 13.fxg4
Rxf1+ 14.Kxf1 Qd7 15.h3 Nc4 16.Bf2 Rf8 17.Kg1 e6 18.d5 b6 19.dxe6
Qxe6 20.Qd5 Qxd5 21.exd5 Rd8 22.Rd1 Bh6 23.h4 Bd2 24.Ng3 Rxd5
25.Ne4 Rd8 26.Kf1 Bg5 27.Rxd8+ Bxd8 28.g5 Kf7 29.Ke2 Ke6 30.Bg3
Be7 31.Bb8 a6 32.Kd3 Ne5+ 33.Ke3 Nd7 34.Bc7 b5 35.Nd2 Kd5 36.Ne4
Kc4 37.Kd2 b4 38.cxb4 cxb4 39.Kc2 Kd4 40.Nd2 Nc5 41.Ba5 Nb7 42.Bb6+
Kd5 43.Kb3 Nc5+ 44.Kc2 Bd6 45.g4 Nd7 46.Bf2 Ne5 47.Bg3 Nxg4 48.Bxd6
Kxd6 49.Kb3 Kc5 50.Ne4+ Kb5 51.Nf6 Ne5 52.Nxh7 Nf3 53.Nf8 Nxh4
54.a3 a5 55.axb4 axb4 56.Ne6 Nf3 57.Nf4 Ne5 58.Nd5 Nd3 59.Nc7+
Ka5 60.Nd5 Kb5 61.Nc7+ Kc5 62.Ne6+ Kb5 63.Nc7+ 1/2-1/2

[Event "Êîìàíäíîå ïåð-âî ÐÔ 2012 ã. ïî êëàññè÷åñêèì øàõìàòàì "]
[Site "Ðûáèíñê"]
[Date "2012.08.03"]
[Round "2.111"]
[White "Êèòàåâ Èëüÿ "]
[Black "Ôåäîñååâ Âëàäèìèð "]
[Result "0-1"]
[WhiteElo "1947"]
[BlackElo "2498"]
[Annotator ""]
[Source ""]
[Remark ""]

1.d4 Nf6 2.c4 g6 3.Nc3 Bg7 4.e4 d6 5.f3 O-O 6.Be3 e5 7.d5 c6
8.Bd3 b5 9.dxc6 bxc4 10.Bxc4 Nxc6 11.Nge2 Be6 12.Bxe6 fxe6 13.O-O
d5 14.Bc5 Rf7 15.Rc1 Bh6 16.Rb1 d4 17.Na4 d3 18.Nec3 d2 19.b4
Nd4 20.Nb2 Nd7 21.Nc4 Nxc5 22.bxc5 Rc7 23.Na4 Nxf3+ 24.Qxf3 Qd4+
25.Kh1 Qxc4 26.Qh3 Rf8 27.Rxf8+ Bxf8 28.Rd1 Rf7 0-1

[Event "Êîìàíäíîå ïåð-âî ÐÔ 2012 ã. ïî êëàññè÷åñêèì øàõìàòàì "]
[Site "Ðûáèíñê"]
[Date "2012.08.03"]
[Round "2.112"]
[White "×èãàåâ Ìàêñèì "]
[Black "Âàñèëüåâ Àðêàäèé "]
[Result "1-0"]
[WhiteElo "2462"]
[BlackElo "1908"]
[Annotator ""]
[Source ""]
[Remark ""]

1.e4 c5 2.Nf3 Nc6 3.Bb5 g6 4.Bxc6 bxc6 5.O-O Bg7 6.Re1 e5 7.c3
Ne7 8.d4 cxd4 9.cxd4 d6 10.dxe5 dxe5 11.Qxd8+ Kxd8 12.Nc3 Kc7
13.Be3 Re8 14.Rac1 Kb7 15.Na4 f5 16.Nc5+ Kc7 17.Bd2 a5 18.Bc3
fxe4 19.Rxe4 Nd5 20.Bxe5+ Bxe5 21.Rxe5 Rxe5 22.Nxe5 Kd6 23.Ncd3
Bb7 24.Nc4+ Kc7 25.Nc5 a4 26.Nxb7 Kxb7 27.g3 Nb6 28.Ne5 Rc8 29.Nd3
Rd8 30.Nc5+ Ka7 31.Rc2 Rd5 32.Kg2 Rf5 33.Ne6 1-0

[Event "Êîìàíäíîå ïåð-âî ÐÔ 2012 ã. ïî êëàññè÷åñêèì øàõìàòàì "]
[Site "Ðûáèíñê"]
[Date "2012.08.03"]
[Round "2.113"]
[White "Ãèíîñÿí Ðàçìèê "]
[Black "Êóçüìèí Åãîð "]
[Result "0-1"]
[WhiteElo "1976"]
[BlackElo "1134"]
[Annotator ""]
[Source ""]
[Remark ""]

1.d4 Nf6 2.c4 g6 3.Nc3 Bg7 4.e4 d6 5.f3 O-O 6.Be3 e5 7.d5 Ne8
8.Qd2 f5 9.O-O-O Nd7 10.Bd3 Nc5 11.Nge2 a5 12.exf5 Nxd3+ 13.Qxd3
gxf5 14.Rhg1 Qh4 15.g3 Qh5 16.Rdf1 Nf6 17.h3 Bd7 18.g4 fxg4 19.hxg4
Qg6 20.Qd2 a4 21.a3 Rac8 22.Ng3 Kh8 23.Nge4 Nxe4 24.Nxe4 c6 25.Kb1
cxd5 26.cxd5 Rxf3 27.Qd3 Rxf1+ 28.Rxf1 Bb5 29.Qxb5 Qxe4+ 30.Ka1
Qxe3 31.Qd7 Rc1+ 32.Rxc1 Qxc1+ 33.Ka2 Qc4+ 34.Ka1 Qxd5 0-1

[Event "Êîìàíäíîå ïåð-âî ÐÔ 2012 ã. ïî êëàññè÷åñêèì øàõìàòàì "]
[Site "Ðûáèíñê"]
[Date "2012.08.03"]
[Round "2.114"]
[White "Ôåäîñååâà Âàëåíòèíà "]
[Black "Ìèêàèëîâà Ìèëàíà "]
[Result "1-0"]
[WhiteElo "1957"]
[BlackElo "1753"]
[Annotator ""]
[Source ""]
[Remark ""]

1.e4 c5 2.Nf3 e6 3.d3 Nc6 4.g3 Nge7 5.Bg2 g6 6.O-O Bg7 7.Re1
d6 8.Nbd2 O-O 9.c3 e5 10.Nf1 h6 11.Be3 f5 12.Qb3+ Kh7 13.Rad1
f4 14.Bc1 fxg3 15.fxg3 Bg4 16.N1d2 Qd7 17.Qc2 Rf7 18.Rf1 Raf8
19.Rf2 Bh3 20.Rdf1 Rf6 21.Nc4 Qe6 22.Ne3 Bxg2 23.Kxg2 b5 24.Qd2
Rb8 25.h3 Rff8 26.Ng4 Ng8 27.a3 Na5 28.Qc2 Rfc8 29.Nxh6 Bxh6
30.Bxh6 Qe8 31.Be3 Kg7 32.Ng5 Nh6 33.Nf3 Qh8 34.Ng5 Qe8 35.Rf6
Nb7 36.Ne6+ Kh7 37.Bxh6 1-0

[Event "Êîìàíäíîå ïåð-âî ÐÔ 2012 ã. ïî êëàññè÷åñêèì øàõìàòàì "]
[Site "Ðûáèíñê"]
[Date "2012.08.03"]
[Round "2.121"]
[White "Ãåíêåëü Äìèòðèé "]
[Black "Ìèõàéëîâ Âÿ÷åñëàâ "]
[Result "0-1"]
[WhiteElo "1941"]
[BlackElo "2325"]
[Annotator ""]
[Source ""]
[Remark ""]

1.e4 c5 2.Nf3 d6 3.d4 cxd4 4.Nxd4 Nf6 5.Nc3 a6 6.Be3 e6 7.f4
Be7 8.Qf3 Qc7 9.O-O-O b5 10.Bd3 Bb7 11.g4 b4 12.Nce2 Nc6 13.g5
Nd7 14.Rhg1 Rc8 15.Nxc6 Qxc6 16.Nd4 Qa4 17.Kb1 Nc5 18.Nb3 Nxd3
19.cxd3 Qd7 20.Qf2 O-O 21.f5 exf5 22.exf5 Rfe8 23.g6 fxg6 24.fxg6
Bf6 25.Bd4 Rf8 26.Qg3 Bd5 27.Bxf6 Rxf6 28.gxh7+ Kh8 29.Nd4 Qf7
30.b3 a5 31.Rc1 Re8 32.Rce1 Ra8 33.Qe3 a4 34.Qe7 axb3 35.axb3
Rf2 36.Qxf7 Bxf7 37.Ref1 Rfa2 38.Nc2 Bxb3 39.Nxb4 R2a4 40.Nc6
Ra2 41.Nd4 Bd5 42.Nf5 Rb8+ 43.Kc1 Rxh2 44.Ne7 Ba2 45.Rf8+ Rxf8
46.Ng6+ Kxh7 47.Nxf8+ Kg8 48.Ng6 Kf7 49.Nf4 Bb3 50.Rg2 Rh4 51.Ne2
Kf6 52.Kd2 g5 53.Ng3 Bd5 54.Rf2+ Kg6 55.Ne2 Be6 56.Ng3 Rh3 57.Ne4
Bf5 58.Ke2 d5 59.Nc5 d4 60.Nb3 Rxd3 61.Nc5 Rc3 0-1

[Event "Êîìàíäíîå ïåð-âî ÐÔ 2012 ã. ïî êëàññè÷åñêèì øàõìàòàì "]
[Site "Ðûáèíñê"]
[Date "2012.08.03"]
[Round "2.122"]
[White "Ìîðîçîâ Åãîð "]
[Black "Ðèâîíåíêî Âëàäèñëàâ "]
[Result "1-0"]
[WhiteElo "2116"]
[BlackElo "1992"]
[Annotator ""]
[Source ""]
[Remark ""]

1.d4 Nf6 2.g3 c5 3.Nf3 cxd4 4.Nxd4 Nc6 5.Bg2 Qb6 6.Nb3 g6 7.O-O
Bg7 8.Be3 Qc7 9.Nc3 d6 10.h3 O-O 11.Qc1 Rd8 12.Bh6 Bh8 13.Bg5
Be6 14.Rd1 Rac8 15.Qe3 b6 16.Nb5 Qd7 17.Bxc6 Rxc6 18.N5d4 Rc4
19.Nxe6 fxe6 20.c3 e5 21.Bxf6 Bxf6 22.Kh2 Qf5 23.Nd2 Bg5 24.Qf3
Bxd2 25.Rxd2 Qxf3 26.exf3 Kf7 27.Re1 Kf6 28.Kg2 Rdc8 29.Rde2
g5 30.Re4 Kf5 31.Kf1 b5 32.R1e3 a5 33.Ke2 a4 34.Kd3 a3 35.Rxc4
bxc4+ 36.Kc2 axb2 37.Kxb2 d5 38.Re1 e6 39.a4 Rb8+ 40.Kc2 Ra8
41.Ra1 d4 42.a5 d3+ 43.Kd2 e4 44.a6 exf3 45.Ke3 Rd8 46.a7 d2
47.Kxf3 e5 48.g4+ Ke6 49.Ke2 h6 50.Kd1 Ra8 51.Kxd2 Kd7 52.Ke3
Kc7 53.Ke4 Kb7 54.Kxe5 Re8+ 55.Kd4 Ka8 56.Kxc4 Re2 57.Rf1 Kxa7
58.Kd3 Rb2 59.f4 Rh2 60.Rf3 gxf4 61.Ke4 Kb6 62.Kxf4 Kc7 63.Kf5
Rd2 64.Kg6 Rd6+ 65.Rf6 Rd3 66.h4 Rxc3 67.Kxh6 Kd7 68.Rf1 Rc4
69.Kh5 Ke7 70.g5 Rc6 71.g6 Rc2 72.Kh6 Rc6 73.h5 1-0

[Event "Êîìàíäíîå ïåð-âî ÐÔ 2012 ã. ïî êëàññè÷åñêèì øàõìàòàì "]
[Site "Ðûáèíñê"]
[Date "2012.08.03"]
[Round "2.123"]
[White "Ãàëèøíèêîâ Þðèé "]
[Black "Ñåäûõ Åãîð "]
[Result "0-1"]
[WhiteElo "1889"]
[BlackElo "1847"]
[Annotator ""]
[Source ""]
[Remark ""]

1.e4 c5 2.c3 d5 3.exd5 Qxd5 4.d4 Nc6 5.Nf3 Bg4 6.Be2 cxd4 7.cxd4
e6 8.Nc3 Qd7 9.Be3 Nf6 10.O-O Be7 11.h3 Bf5 12.Qb3 O-O 13.Rfd1
Nb4 14.Rac1 a6 15.Ne5 Qd6 16.Bf4 Nbd5 17.Bh2 Qb4 18.Nxd5 Nxd5
19.Qxb4 Bxb4 20.Bf3 Rac8 21.a3 Be7 22.Nd7 Rfd8 23.Nc5 Bg5 24.Ra1
Bc2 25.Re1 b6 26.Nxa6 Bd3 27.Bxd5 Bxa6 28.Ba2 Rxd4 29.Be5 Rd3
30.f4 Bf6 31.Bxf6 gxf6 32.Bb1 Rd2 33.b4 Rc4 34.f5 e5 35.Be4 Rdd4
36.Bf3 Rc3 37.Rac1 Rxc1 38.Rxc1 e4 39.Bg4 Bb5 40.Rd1 Rxd1+ 41.Bxd1
e3 42.Bf3 Kf8 43.g4 Ke7 44.Bb7 Kd6 45.Kg2 Ke5 46.Kf3 Kd4 47.a4
Bxa4 48.Kg2 Kd3 49.Kf1 Kd2 50.Bf3 Bd1 0-1

[Event "Êîìàíäíîå ïåð-âî ÐÔ 2012 ã. ïî êëàññè÷åñêèì øàõìàòàì "]
[Site "Ðûáèíñê"]
[Date "2012.08.03"]
[Round "2.131"]
[White "Íîæêèí Íèêèòà "]
[Black "Àâàêÿí Àðìåí "]
[Result "1-0"]
[WhiteElo "2117"]
[BlackElo "1815"]
[Annotator ""]
[Source ""]
[Remark ""]

1.e4 c5 2.c3 d5 3.exd5 Qxd5 4.d4 Nf6 5.Be3 cxd4 6.cxd4 Nc6 7.Nc3
Qd6 8.Nf3 Bg4 9.d5 Ne5 10.Bb5+ Nfd7 11.Nxe5 Bxd1 12.Bxd7+ Qxd7
13.Nxd7 Bh5 14.Nxf8 Rxf8 15.Rc1 Kd7 16.O-O a6 17.Ne4 Rac8 18.Rxc8
Rxc8 19.Rc1 Rxc1+ 20.Bxc1 Bg6 21.f3 f6 22.Kf2 Bf7 23.Nc3 b5 24.b4
g5 25.Ke3 Kd6 26.Kd4 e6 27.Ne4+ Ke7 28.d6+ Kd7 29.Kc5 1-0

[Event "Êîìàíäíîå ïåð-âî ÐÔ 2012 ã. ïî êëàññè÷åñêèì øàõìàòàì "]
[Site "Ðûáèíñê"]
[Date "2012.08.03"]
[Round "2.141"]
[White "Àðáóçîâ Èâàí "]
[Black "Êóðçþêîâ Àíäðåé "]
[Result "0-1"]
[WhiteElo "2163"]
[BlackElo "2191"]
[Annotator ""]
[Source ""]
[Remark ""]

1.e4 c5 2.Nf3 Nc6 3.Bb5 g6 4.Bxc6 dxc6 5.h3 Bg7 6.d3 Nf6 7.O-O
O-O 8.Be3 b6 9.Nbd2 Qc7 10.a4 Nh5 11.Rb1 a5 12.Nc4 Ba6 13.Nfd2
b5 14.Na3 c4 15.axb5 cxb5 16.dxc4 bxc4 17.c3 Qc6 18.Qe2 Rfc8
19.Rfd1 e5 20.g3 Kh8 21.Kh2 Rab8 22.f3 f5 23.g4 fxg4 24.hxg4
Nf4 25.Bxf4 exf4 26.Nf1 Re8 27.Rd2 h5 28.gxh5 Re5 29.Kh1 Rxh5+
30.Nh2 Qc5 31.Rbd1 Qe3 32.Qg2 Rb6 33.Nc2 Qc5 34.Rd5 Qe7 35.Rxh5+
gxh5 36.Qh3 Qf7 37.Rd5 Rb5 38.Rxb5 Bxb5 39.Qc8+ Kh7 40.Nd4 Bd7
41.Qc7 Bxd4 42.cxd4 a4 43.d5 Qg7 44.Qxc4 Qxb2 45.Qc7 Qg7 46.e5
Bh3 47.Qc2+ Qg6 48.Qa2 Qd3 49.d6 Qb3 50.Qf2 Qd1+ 51.Nf1 Bxf1
52.Kh2 Bb5 53.Qh4 Qe2+ 54.Kg1 Qxe5 55.Qd8 Qg7+ 56.Kh1 Bf1 0-1

[Event "Êîìàíäíîå ïåð-âî ÐÔ 2012 ã. ïî êëàññè÷åñêèì øàõìàòàì "]
[Site "Ðûáèíñê"]
[Date "2012.08.03"]
[Round "2.142"]
[White "Ãëàäêîâ Äìèòðèé "]
[Black "Ñåðãèåíêî Àíòîí "]
[Result "1/2-1/2"]
[WhiteElo "1989"]
[BlackElo "2111"]
[Annotator ""]
[Source ""]
[Remark ""]

1.e4 c5 2.c3 Nf6 3.e5 Nd5 4.d4 cxd4 5.Nf3 Nc6 6.Bc4 e6 7.cxd4
d6 8.O-O Be7 9.exd6 Qxd6 10.Nc3 Nxc3 11.bxc3 O-O 12.Qe2 Bd7 13.Bb2
Rac8 14.Rac1 Bf6 15.Rfd1 Ne7 16.Bd3 Ba4 17.Re1 Nd5 18.Qe4 g6
19.Ne5 Bg5 20.c4 f5 21.Qf3 Bxc1 22.Rxc1 Nf6 23.Qg3 Nd7 24.c5
Qe7 25.d5 Rf6 26.d6 Qf8 27.Nxd7 Bxd7 28.Qe5 Kg7 29.f4 Qd8 30.h3
b6 31.Kh2 h5 32.Kg3 Kf7 33.Ba6 Rxc5 34.Rxc5 bxc5 35.Qxc5 g5 36.Bxf6
gxf4+ 37.Kh2 Kxf6 38.Qxa7 Qe8 39.Qf2 e5 40.Bc4 Qg6 41.Bb3 Qg5
42.a4 e4 43.a5 Kg6 44.Bd5 Bb5 45.h4 e3 46.Qe1 Qd8 47.Bf3 Qxd6
48.Kg1 Qd4 49.Be2 Bxe2 50.Qxe2 Qa1+ 51.Kh2 Qxa5 52.Qc4 Qe5 53.Qc6+
Kf7 54.Qd7+ Kf6 55.Qd8+ Ke6 56.Qg8+ Kd6 57.Qb8+ Kd5 58.Qb5+ Ke4
59.Qb1+ Kd5 1/2-1/2

[Event "Êîìàíäíîå ïåð-âî ÐÔ 2012 ã. ïî êëàññè÷åñêèì øàõìàòàì "]
[Site "Ðûáèíñê"]
[Date "2012.08.03"]
[Round "2.144"]
[White "Àáäóëèíà Áåëëà "]
[Black "Ìîêøàíîâà Åëèçàâåòà "]
[Result "0-1"]
[WhiteElo "1776"]
[BlackElo "1859"]
[Annotator ""]
[Source ""]
[Remark ""]

1.e4 c5 2.Nf3 e6 3.d4 cxd4 4.Nxd4 Nc6 5.Nc3 Qc7 6.g4 Nf6 7.Be3
h6 8.f3 a6 9.Be2 b5 10.Nxc6 dxc6 11.Qd2 Be7 12.O-O-O Bb7 13.h4
Rd8 14.Qe1 Rxd1+ 15.Bxd1 c5 16.g5 hxg5 17.hxg5 Rxh1 18.Qxh1 Nd7
19.Ne2 Nb6 20.Bf4 Qd8 21.Qh8+ Bf8 22.Ng3 e5 23.Be3 Nc4 24.Nf5
Nxe3 25.Nxe3 Qxg5 26.Kd2 Bc8 27.Ke2 Be6 28.a3 Qh6 29.Qxh6 gxh6
30.Kf2 Be7 31.Ng4 h5 32.Nxe5 Bf6 33.Nd3 c4 34.Nf4 Bxb2 35.Nxh5
Bc8 36.Ke2 Bxa3 37.Nf6+ Kd8 38.Nd5 a5 39.Kd2 Bc5 40.Kc3 Ba6 41.f4
b4+ 42.Kb2 a4 43.Bh5 c3+ 44.Kb1 Bc4 45.Bxf7 a3 46.Nxc3 Bxf7 47.Na4
Bd4 0-1

[Event "Êîìàíäíîå ïåð-âî ÐÔ 2012 ã. ïî êëàññè÷åñêèì øàõìàòàì "]
[Site "Ðûáèíñê"]
[Date "2012.08.03"]
[Round "2.152"]
[White "Íàâðîäñêèé Áîðèñ "]
[Black "Þìøàíîâ Ëåîíèä "]
[Result "1-0"]
[WhiteElo "1953"]
[BlackElo "1715"]
[Annotator ""]
[Source ""]
[Remark ""]

1.d4 Nf6 2.c4 g6 3.Nc3 Bg7 4.e4 d6 5.Be2 O-O 6.Nf3 e5 7.O-O Nc6
8.d5 Ne7 9.Ne1 Nd7 10.Nd3 f5 11.Bd2 f4 12.Rc1 g5 13.f3 h5 14.h3
Rf6 15.Be1 Rh6 16.Bf2 Kf7 17.c5 Qh8 18.Nb5 dxc5 19.Nxc7 Rb8 20.Nxc5
Nxc5 21.Bxc5 b6 22.Ba3 g4 23.fxg4 hxg4 24.Bxg4 Bxg4 25.Qxg4 Rg6
26.Qf3 1-0